000 00535nam a22001937a 4500
003 OSt
005 20140310182844.0
008 130610t xxu||||| |||| 00| 0 eng d
050 _aF 1409.6
_b.P328 1971
082 _aM 900
_bP28 1971
245 _aLatin America : history, culture, people /
_cPauline, Lawrence J.
260 _aNew York :
_bCambridge Book Company,
_c1971.
300 _avi, 250 p . :
_c23 cm.
521 _acollege students
526 _c1210L-1700L
541 _j1
562 _e1
942 _2lcc
_cBK
_kM
999 _c16900
_d16900